00568 2200193 4500001002100000005001500021035002000036245012600056100002000182250000600202300003300208700002500241260003100266082000800297084001400305020001800319650002000337990001700357INLIS00000000000037820181012111822 a0010-10180000681 aEmpat K ( Kecil-Kecil Kompak dan Kreatif ). :bJilid 2 Gorila yang Nakal /cDrajat Suratman; Editor, Eko Marsudiono, S.Pd0 aDrajat Suratman a- a24 hlm. :bilus. ;c27,5 cm.0 aEko Marsudiono, S.Pd aBogor :bYudhistira,c2004 a813 a813 DRA e a979-746-292-7 aFiksi Indonesia a01476/P/2018